00363nam a22000857a 4500020001900000082001700019245019800036260003100234300001200265 a978-1447366294 a362.732bKEL aLiving on the Edge: bInnovative Research on Leaving Care and Transitions to Adulthood / cSamuel Keller (Editor), Inger Oterholm (Editor), Veronika Paulsen (Editor), Adrian van Breda (Editor)  aUK:bPolicy Press, c2024. a262p. ;